Statistiche per Seven Summits

Clicka qui per fare il quiz!

Statistiche generali

  • Questo quiz è stato fatto 11 volte
  • Il punteggio medio è 5 su 7

Statistiche sulle risposte

Altezza (m)ContinenteNazioniMontagna% Corretto
8 848AsiaNepal, CinaEverest
100%
5 895AfricaTanzaniaKilimangiaro
100%
6 961America del SudArgentinaAconcagua
90%
5 642EuropaRussiaElbrus
90%
6 194America del NordStati UnitiDenali
80%
4 884OceaniaIndonesiaPuncak Jaya
40%
4 892AntartideVinson
40%

Distribuzione punteggi

Percentile per numero di risposta

Percentuale di utenti per punteggio

I tuoi punteggi nel tempo

Non hai fatto questo quiz